Výskum trhu
Uložené v:
| Hlavný autor: | |
|---|---|
| Korporativný autor: | |
| Ďalší autori: | , , |
| Médium: | Kniha |
| Jazyk: | Slovak |
| Vydavateľské údaje: |
Bratislava
STATIS
2013
|
| Vydanie: | 1. vyd. |
| Predmet: | |
| Tagy: |
Žiadne tagy, Buďte prvý, kto otaguje tento záznam!
|
MARC
| LEADER | 00000nlm a2200000 4500 | ||
|---|---|---|---|
| 001 | 0179493 | ||
| 005 | 20240502073041.5 | ||
| 020 | |a 978-80-85659-77-1 | ||
| 041 | 0 | |a slo | |
| 044 | |a SK | ||
| 245 | 1 | 0 | |a Výskum trhu |c Vanda Lieskovská, Silvia Megyesiová ; recenzovali Vladimír Gazda, Tomáš Löster |
| 250 | |a 1. vyd. | ||
| 264 | 1 | |a Bratislava |b STATIS |c 2013 | |
| 300 | |a CD-ROM [251 s., 14,60 AH] | ||
| 610 | 2 | 0 | |a výskum trhu |
| 610 | 2 | 0 | |a marketing |
| 610 | 2 | 0 | |a získavanie informácií |
| 610 | 2 | 0 | |a dotazníky |
| 610 | 2 | 0 | |a analýza kvantitatívna |
| 610 | 2 | 0 | |a regresia |
| 610 | 2 | 0 | |a analýza regresná |
| 610 | 2 | 0 | |a analýza zhluková |
| 610 | 2 | 0 | |a metódy štatistické viacrozmerné |
| 100 | 1 | |a Lieskovská, Vanda, 1961- | |
| 700 | 1 | |a Megyesiová, Silvia, 1969- | |
| 700 | 1 | |a Gazda, Vladimír | |
| 700 | 1 | |a Löster, Tomáš | |
| 710 | 2 | |a Ekonomická univerzita v Bratislave | |